| 000 | 00734nam a22002297a 4500 | ||
|---|---|---|---|
| 999 |
_c65358 _d65358 |
||
| 005 | 20240530110820.0 | ||
| 008 | 190115s1988 ua a f 000 0 ara d | ||
| 017 |
_a1988/3677 _bمصر. دار الكتب |
||
| 020 | _a9770224820 | ||
| 040 |
_aEG-CaGPL _cEG-CaGPL |
||
| 082 | 0 | 4 |
_221 _a791.43 / _bع س |
| 100 | 0 | _aعبدالله احمد عبدالله | |
| 245 | 1 | 0 |
_a60 سنة سينما / _cعبدالله احمد عبدالله |
| 250 | _aط.1 | ||
| 260 |
_aالقاهرة : _bدار المعارف، _c1988 . |
||
| 300 |
_a199 ص. : _bايض ؛ _c24 سم. |
||
| 650 | 0 | 7 |
_aميكى ماوس _2qrmak |
| 650 | 0 | 7 |
_aالسينما _2qrmak |
| 651 | _2qrmak | ||
| 942 |
_2ddc _cBK |
||